|
|
|
|
| LEADER |
00902nam a2200193 a 4500 |
| 008 |
100725s2007 bg 000 0 ben |
| 999 |
|
|
|c 9480
|d 9480
|
| 020 |
|
|
|a 9848560057
|
| 040 |
|
|
|a BD-DhAAL
|c BD-DhAAL
|d BD-DhAAL
|
| 082 |
0 |
0 |
|a 891.440954929
|2 22
|
| 100 |
|
|
|a সুলতানা,হেনা
|9 28581
|
| 245 |
1 |
0 |
|a অবাক করা ব্যাঙের ছাতা /
|c হেনা সুলতানা
|
| 260 |
|
|
|a ঢাকা :
|b ওয়ার্ল্ড নিউজ এজেন্সি,
|c ২০০৭
|
| 300 |
|
|
|a ২৪ পৃ. ;
|c ২৫ সে.মি.
|
| 541 |
1 |
|
|e 00020102
|
| 650 |
|
|
|a Short stories, Bengali.
|z Bangladesh
|9 28582
|
| 852 |
4 |
|
|a Ayesha Abed Library
|j General stacks
|
| 942 |
|
|
|2 ddc
|c BK
|
| 952 |
|
|
|0 0
|1 0
|2 ddc
|4 0
|6 891_400000000000000_40954929_SUL_2007
|7 0
|9 12032
|a BRACUL
|b BRACUL
|c GEN
|d 2010-09-23
|l 1
|m 2
|o 891.440954929 SUL
|p 3010020102
|r 2023-06-25
|s 2023-05-28
|t 1
|w 2010-09-23
|y BK
|